| 000 | 02501cam a22005654i 4500 | ||
|---|---|---|---|
| 001 | u234 | ||
| 003 | PE-LiUPU | ||
| 005 | 20250731165506.0 | ||
| 008 | 150527s2014 mx a rb 000 0 spa d | ||
| 020 | _a9786076221891 | ||
| 035 | _a(Sirsi) i9786076221891 | ||
| 040 |
_aPE-LiUPU _bspa _cPE-LiUPU _erda |
||
| 082 | 0 | 4 |
_a005.43 _bG53 _221 |
| 100 | 1 |
_aGironés, Jesús Tomás, _eautor. |
|
| 245 | 1 | 3 |
_aEl gran libro de android avanzado / _cJesús Tomás Gironés [y otros cinco]. |
| 250 | _aSegunda edición. | ||
| 264 | 1 |
_aMéxico : _bAlfaomega, _c2014. |
|
| 300 |
_a466 páginas : _bilustraciones ; _c23 centímetros |
||
| 336 |
_atext _2rdacontent |
||
| 337 |
_aunmediated _2rdamedia |
||
| 338 |
_avolume _2rdacarrier |
||
| 505 | 0 | _aDiseño avanzado de interfaces de usuario -- Diseño personalizado de vistas -- Hilos de ejecución e4n la interfaz del usuario -- Comunicación con bluetooth -- Servicios en la nube -- Aplicaciones web en Android -- Programación en código nativo -- Redes sociales: facebook y twitter -- Ingeniería inversa en An-droid. | |
| 526 | _aSEG44 | ||
| 526 | _aSEG26 | ||
| 526 | _aP151 | ||
| 526 | _aP150 | ||
| 526 | _aP149 | ||
| 526 | _aP146 | ||
| 526 | _aP145 | ||
| 526 | _aP126 | ||
| 526 | _aP125 | ||
| 526 | _aP92 | ||
| 526 | _aP75 | ||
| 526 | _aP74 | ||
| 526 | _aP27 | ||
| 526 | _aP15 | ||
| 541 | _g043-0014410; | ||
| 541 | _g043-0014560; | ||
| 596 | _a1 2 | ||
| 650 | 4 | _aAndroid 4 (Recurso electrónico). | |
| 650 | 4 | _aDesarrollo de software de aplicaciones. | |
| 650 | 4 | _aSistemas de telefonía móvil. | |
| 910 |
_acce _bjvq _ccce _d20150527 |
||
| 942 |
_2ddc _cBOOK |
||
| 994 |
_aC0 _bPEPRU |
||
| 949 |
_a005.43 G53 _wDEWEY _c1 _i71445 _f2018-2-12 _g5 _lCCODEBUL1 _mBUL _p23.00 _q1 _r0 _sY _tBOOK _u2015-5-27 _xINGENIERIA _PP27 _0COMPRA _o.STAFF. Colección General |
||
| 949 |
_a005.43 G53 _wDEWEY _c1 _iFT02881 _lCCODEBUT1 _mBUT _p22.66 _r0 _sY _tBOOK _u2015-9-18 _xINGENIERIA _PP27 _0COMPRA _o.STAFF. Colección General |
||
| 999 |
_a005.43 G53 _wDEWEY _c24071 _i71445 _d24071 _e2018-10-26 _f2022-4-11 _g8 _lCCODEBUL1 _mBUL _n4 _p23.00 _q1 _r1 _sY _tBOOK _u2015-5-27 _xINGENIERIA _PP27 _0COMPRA _o.STAFF. Colección General |
||
| 999 |
_a005.43 G53 2014 _wDEWEY _c1 _iFT02881 _d2019-4-21 _e2019-4-17 _f2019-2-20 _g2 _lCCODEBUT1 _mBUT _n1 _p22.66 _r0 _sY _tBOOK _u2015-9-18 _xINGENIERIA _PP27 _0COMPRA _o.STAFF. Colección General Tarapoto |
||
| 980 |
_81 _gALBERTO SANCHEZ Responsable de Automatización |
||